Powers of entry to private property (3) (Record no. 64965)
[ view plain ]
| 000 -LEADER | |
|---|---|
| fixed length control field | 01502cam a2200253 4500 |
| 001 - CONTROL NUMBER | |
| control field | ABS63054 |
| 008 - FIXED-LENGTH DATA ELEMENTS--GENERAL INFORMATION | |
| fixed length control field | 000000n2000 000 0 eng u |
| 035 ## - SYSTEM CONTROL NUMBER | |
| System control number | (Sirsi) u108818 |
| 100 ## - MAIN ENTRY--PERSONAL NAME | |
| Personal name | Paine, S. |
| 245 ## - TITLE STATEMENT | |
| Title | Powers of entry to private property (3) |
| 260 ## - PUBLICATION, DISTRIBUTION, ETC. | |
| Date of publication, distribution, etc. | 2000 |
| 490 ## - SERIES STATEMENT | |
| Series statement | Solicitors' Journal |
| Volume/sequential designation | 144(36) 29 September 2000, 874-875(2) |
| 520 ## - SUMMARY, ETC. | |
| Summary, etc. | Examines the growing power of the police to carry out covert surveillance activities. Since the introduction of PACE in 1984, which was followed by a number of statutory measures, there has been a progressive erosion of judicial authorisation for entry and search. Also reviews the impending reform of enforcement methods in the civil justice system, and assesses which entry powers may be vulnerable to challenge on the grounds of human rights. For instance, two judgments of the European Court of Human Rights have brought into question unwarranted entry by the police, and demonstrated that the police have very limited powers of entry to an occupied dwelling unless they clarify in advance their purpose for seeking entry. In these circumstances welcomes the Lord Chancellor's Department's current review of civil court judgments and enforcement procedures. |
| 590 ## - LOCAL NOTE (RLIN) | |
| Local note | ABS |
| 650 ## - SUBJECT ADDED ENTRY--TOPICAL TERM | |
| Topical term or geographic name entry element | HUMAN RIGHTS ACT 1998 |
| 650 ## - SUBJECT ADDED ENTRY--TOPICAL TERM | |
| Topical term or geographic name entry element | EUROPEAN COURT OF HUMAN RIGHTS |
| 650 ## - SUBJECT ADDED ENTRY--TOPICAL TERM | |
| Topical term or geographic name entry element | CIVIL COURTS |
| 650 ## - SUBJECT ADDED ENTRY--TOPICAL TERM | |
| Topical term or geographic name entry element | POLICING |
| 650 ## - SUBJECT ADDED ENTRY--TOPICAL TERM | |
| Topical term or geographic name entry element | ENTRY POWERS |
| 650 ## - SUBJECT ADDED ENTRY--TOPICAL TERM | |
| Topical term or geographic name entry element | SURVEILLANCE |
| 650 ## - SUBJECT ADDED ENTRY--TOPICAL TERM | |
| Topical term or geographic name entry element | BAILIFFS |
| 690 ## - LOCAL SUBJECT ADDED ENTRY--TOPICAL TERM (OCLC, RLIN) | |
| Topical term or geographic name as entry element | LAW |
| 942 ## - ADDED ENTRY ELEMENTS (KOHA) | |
| Suppress in OPAC | 0 |
| Withdrawn status | Lost status | Source of classification or shelving scheme | Damaged status | Not for loan | Home library | Current library | Shelving location | Date acquired | Total Checkouts | Full call number | Barcode | Date last seen | Copy number | Price effective from | Koha item type |
|---|---|---|---|---|---|---|---|---|---|---|---|---|---|---|---|
| Dewey Decimal Classification | London | London | Journal article | 17/10/2000 | ABS63054 | 108818-1001 | 06/08/2019 | 1 | 06/08/2019 | Journal article |